| 000 | 00365nam a22001337a 4500 | ||
|---|---|---|---|
| 008 | 140122b xxu||||| |||| 00| 0 eng d | ||
| 050 | _aPR3687.S7Z65 1961 | ||
| 100 |
_aDevlin, Christopher _96981 |
||
| 245 | _aPoor Kit Smart | ||
| 260 |
_aLondon _bRupert Hart-Davis _c1961 |
||
| 300 |
_a200p. _c18cm |
||
| 650 |
_aSmart, Christopher _96982 |
||
| 942 |
_2lcc _cMONOGRAPH |
||
| 999 |
_c119665 _d119665 |
||